000 00759nam a2200133Ia 4500
008 171212s9999 xx 000 0 und d
020 _a9780833077905
100 _aHosek, Susan D.;Straus, Susan G.
245 _cHosek, Susan D.;Straus, Susan G.
_aPatient Privacy, Consent, and Identity Management in Health Information Exchange
_bIssues for the Military Health System
260 _bRAND Corporation
_c2013
650 _aHealth Sciences
650 _aMedical records -- Access control -- United States; United States -- Armed Forces -- Medical care; Medicine, Military -- United States -- Information services; Medical informatics -- United States; Information storage and retrieval systems -- Medical care
856 _uwww.jstor.org/stable/10.7249/j.ctt3fgzjz
999 _c352400
_d352400